Mapas de progreso del aprendizaje: sector Ciencias Naturales. Mapa de progreso de organismos, ambiente y sus interacciones

Salvato in:
Dettagli Bibliografici
Ente Autore: Ministerio de Educación
Natura: Libro
Lingua:spagnolo
Pubblicazione: Santiago, Chile Ministerio de Educación 2009
Soggetti:
Tags: Aggiungi Tag
Nessun Tag, puoi essere il primo ad aggiungerne!!

MARC

LEADER 00000nam a2200000 a 4500
001 UCG1276
003 CL-VaPUC
005 20240705122939.0
008 100429e20090000CL |||||||||||||||||spa|d
999 |c 340681  |d 340679 
020 |a 9789562921923 
040 |c Pontificia Universidad Católica de Valparaíso 
082 0 4 |a 371.102 MIN 2009  |2 21 
110 2 |a Ministerio de Educación  |9 549124 
245 1 0 |a Mapas de progreso del aprendizaje: sector Ciencias Naturales. Mapa de progreso de organismos, ambiente y sus interacciones 
260 0 3 |a Santiago, Chile  |b Ministerio de Educación  |c 2009 
300 |a 36 páginas 
583 |a last modification  |c 20100429 00:00:00  |k Rodrigo Vera 
650 0 |a Enseñanza  |9 256457 
650 0 |a Aprendizaje   |9 254827 
650 0 |a Enseñanza de las ciencias  |9 331919 
942 |c BK  |2 ddc 
945 |d 20100429 00:00:00  |a rbrito 
952 |0 0  |1 0  |2 ddc  |4 0  |6 371_102000000000000_MIN_2009  |7 0  |8 A  |9 435621  |a BIBEDU  |b BIBEDU  |d 2019-11-22  |i 4666631  |o 371.102 MIN 2009  |p 4666631  |r 2019-11-22  |t 2  |w 2019-11-22  |y BK  |k EBA 
952 |0 0  |1 0  |2 ddc  |4 0  |6 371_102000000000000_MIN_2009  |7 0  |8 A  |9 435622  |a BIBEDU  |b BIBEDU  |d 2019-11-22  |i 4666682  |o 371.102 MIN 2009  |p 4666682  |r 2019-11-22  |t 3  |w 2019-11-22  |y BK  |k EBA 
952 |0 0  |1 0  |2 ddc  |4 0  |6 371_102000000000000_MIN_2009  |7 0  |8 A  |9 435623  |a BIBEDU  |b BIBEDU  |d 2019-11-22  |i 4738950  |o 371.102 MIN 2009  |p 4738950  |r 2019-11-22  |t 4  |w 2019-11-22  |y BK  |k EDU 
952 |0 0  |1 0  |2 ddc  |4 0  |6 371_102000000000000_MIN_2009  |7 0  |8 A  |9 435624  |a BIBCUR  |b BIBCUR  |d 2019-11-22  |i 4738942  |o 371.102 MIN 2009  |p 4738942  |r 2025-04-22  |t 1  |w 2019-11-22  |y BK  |k BIO